| 000 | 01043nam a2200277 b 4500 | ||
|---|---|---|---|
| 001 | 00000000275005 | ||
| 003 | OSt | ||
| 005 | 20141114213002.0 | ||
| 008 | 080205s2007 mex spa | ||
| 020 | _a978-970-26-1014-4 | ||
| 040 |
_aBR-TO _cBMC |
||
| 082 | _a658.15 | ||
| 100 | 1 | _aGitman, Lawrence J. | |
| 245 | 1 | 0 |
_aPrincipios de administración financiera _cLawrence J. Gitman ; traducción, Miguel Angel Sánchez Carrión ; revisión técnica, Arturo Morales Castro, José Antonio Morales Castro, Sergio Contreras |
| 250 | _a11ª ed | ||
| 260 |
_aNaucalpan de Juárez (México) [etc.] _bPearson Educación _c2007 |
||
| 300 |
_aXXXVII, 580, [71] p. _bil., gráf. _c26 cm |
||
| 500 | _aIncluye índices | ||
| 594 | _1Traducido de: Principles of managerial finance brief, 4th ed. | ||
| 650 | 2 | 4 |
_aEmpresas _xFinanzas _95713 |
| 700 | 1 |
_aMorales Castro, Arturo _96159 |
|
| 700 | 1 |
_98510 _aContreras, Sergio |
|
| 700 | 1 |
_98511 _aMorales Castro, José Antonio |
|
| 700 | 1 |
_96141 _aSánchez Carrión, Miguel Ángel |
|
| 942 |
_2ddc _cBK |
||
| 999 |
_c3712 _d3712 |
||